01278nam a2200301 a 4500001001000000003000900010005001700019007000300036008004100039040002500080082002700105110013700132245010500269260003600374300002100410490002800431500002800459590002600487650003200513650004800545650003500593830003500628910003800663942001400701952012000715952012600835999001500961000007219DO-SdBNP20211021115555.0ta090907d2004 dr 001 0 spa d aDO-SdBNPbspacBNPHU 4a616.8bR426n, 20042221 aRepública Dominicana.bSecretaría de Estado de Salud Pública y Asistencia Social.bDirección General de Salud Mental.92002510aNormas nacionales para la atención en salud mental /cpresentación José Rodríguez Soldevila. aSanto Domingo :bSESPAS,c2004. a101 p. ;c22 cm.1 aNormas nacionales ;v35 aBibliografía : p. 101 aInventariado, 2018/LP 4aSalud mentalxNormas920026 4aSalud mentalxPrevención y control920027 4aSalud públicaxNormas920028 0aNormas nacionales ;n35920029 aValidado. Control de calidad. MFF 2ddccLBS1 0010718PDaPDbPDcHDd2009-09-07iLF1l0o616.8 R426n, 2004p7219-10r2020-06-25w2020-06-25yLFPDZNo se presta 0010718PDaPDbPDcHDd2009-09-07iLF1l0o616.8 R426n, 2004p7219-20r2020-06-25te. 2w2020-06-25yLFPDZNo se presta c7000d7000